Countries Least Similar To Germany - Statistics

General Stats
  • This quiz has been taken 40 times
  • The average score is 7 of 20
Answer Stats
Rank Country Score % Correct
8 Niger 38.6
65%
16 Afghanistan 39.6
62%
2 Somalia 34.6
57%
3 Eritrea 35.1
46%
5 Chad 37.4
43%
14 Mali 39.5
43%
4 Sudan 35.3
43%
1 Yemen 34.4
43%
7 Laos 38.3
38%
11 South Sudan 39.2
38%
6 Mauritania 38.1
35%
9 Bhutan 38.8
32%
20 Myanmar 40.7
32%
17 Cambodia 39.7
30%
12 Uganda 39.3
30%
14 Djibouti 39.5
24%
19 Tanzania 40.4
24%
10 Bangladesh 38.9
22%
12 Papua New Guinea 39.3
22%
18 Sierra Leone 39.8
14%
No matching quizzes found
Score Distribution
Percent of People with Each Score
Percentile by Number Answered
Your Score History
You have not taken this quiz